A study of the fuelwood problem in Pakistan, 1959, (Record no. 85858)
[ view plain ]
| 000 -LEADER | |
|---|---|
| fixed length control field | 00711cam a2200241 4500 |
| 001 - CONTROL NUMBER | |
| control field | sa 68014518 |
| 003 - CONTROL NUMBER IDENTIFIER | |
| control field | DLC |
| 005 - DATE AND TIME OF LATEST TRANSACTION | |
| control field | 20260227112632.0 |
| 008 - FIXED-LENGTH DATA ELEMENTS--GENERAL INFORMATION | |
| fixed length control field | 700204s1964 pk ab b 000 0 eng |
| 010 ## - LIBRARY OF CONGRESS CONTROL NUMBER | |
| LC control number | sa 68014518 |
| 025 ## - OVERSEAS ACQUISITION NUMBER | |
| Overseas acquisition number | PL480:P-E-1099 |
| 040 ## - CATALOGING SOURCE | |
| Original cataloging agency | DLC |
| Transcribing agency | DLC |
| Modifying agency | DLC |
| 050 00 - LIBRARY OF CONGRESS CALL NUMBER | |
| Classification number | TP324 |
| Item number | .I8 |
| 100 1# - MAIN ENTRY--PERSONAL NAME | |
| Personal name | Ishaq, S. M. |
| 245 12 - TITLE STATEMENT | |
| Title | A study of the fuelwood problem in Pakistan, 1959, |
| Statement of responsibility, etc. | by S. M. Ishaq. |
| 260 ## - PUBLICATION, DISTRIBUTION, ETC. | |
| Place of publication, distribution, etc. | Peshawar, |
| Name of publisher, distributor, etc. | Pakistan Forest Research Institute, |
| Date of publication, distribution, etc. | 1964. |
| 300 ## - PHYSICAL DESCRIPTION | |
| Extent | iv, 86 p. |
| Other physical details | illus., maps (part fold., part col.) |
| Dimensions | 28 cm. |
| 350 ## - PRICE (NR) (BK AM CF MU VM SE) [OBSOLETE] | |
| Price | gratis |
| 500 ## - GENERAL NOTE | |
| General note | Cover title. |
| 504 ## - BIBLIOGRAPHY, ETC. NOTE | |
| Bibliography, etc. note | Bibliography: p. 85-86. |
| 650 #0 - SUBJECT ADDED ENTRY--TOPICAL TERM | |
| Topical term or geographic name entry element | Fuelwood. |
| 710 2# - ADDED ENTRY--CORPORATE NAME | |
| Corporate name or jurisdiction name as entry element | Pakistan Forest Institute. |
No items available.